Mares y océanos : salvemos nuestra tierra /
Guardado en:
| Formato: | Libro |
|---|---|
| Publicado: |
Buenos Aires :
Arte gráfico,
2011
|
| Materias: | |
| Etiquetas: |
Agregar Etiqueta
Sin Etiquetas, Sea el primero en etiquetar este registro!
|
| LEADER | 00738nam a22002535a 4500 | ||
|---|---|---|---|
| 001 | CEM.cems018341 | ||
| 005 | 20141015030011.0 | ||
| 008 | 130507s2011##################000#0#####d | ||
| 003 | CEMS | ||
| 020 | |a 9789870715276 | ||
| 082 | 0 | 4 | |a FC574.5 |
| 245 | 0 | 0 | |a Mares y océanos : |b salvemos nuestra tierra / |c Edición Literaria A Cargo de Antonio Alemán |
| 260 | |a Buenos Aires : |b Arte gráfico, |c 2011 | ||
| 300 | |a 58 p. | ||
| 653 | |a Ecología | ||
| 653 | |a Biomas marinos | ||
| 653 | |a Explotación pesquera | ||
| 653 | |a Océanos | ||
| 653 | |a Playas | ||
| 653 | |a Costas | ||
| 653 | |a Regulación de la pesca | ||
| 653 | |a Zonas costeras | ||
| 653 | |a Calentamiento global | ||
| 859 | |a CEMS |b BIB. CEMS - Agricultura |h FC574.5 |i 6 |p A0099.44 |t Ej.1 | ||
